00726nam a22002057a 4500999001900000005001700019010001500036020002700051035001400078037001300092082001200105100001600117245010600133260004600239270004200285300002800327700001600355942002600371952012300397 c188047d18804720220509124444.0 aENG-132565 a9788181714763c2450.00 aEN-116097 bDBAD/PUB a595.752 aGhosh, A.K. aFauna Of India:bHomoptrera : Aphidoidea Subfamily Aphidinae Macrosiphini/cA.K. Ghosh and L.K. Ghosh aKolkatabZoological Survey of Indiac2017 aM-Block, New AliporebKolkatae700053 a835p.bIndexc25cm(hbk) aGhosh, L.K. 2ddccENh595.752mGHO 001040718REFaAVbAVd2022-05-09eDBAD/PUBg2450.00l0o595.752 GHOpEN-116097r2022-05-09 00:00:00t1v2450.00yEN